000 00869nam a2200253 i 4500
003 DO-SdBNP
005 20250523102028.0
007 ta
008 250523b199- dr a|||| |||| 00| 0 spa d
040 _aDO-SdBNP
_bspa
_cBNPHU
_erda
082 4 _axxx
_bxxx
_222
100 _aCartagena, Elvis D.,
_d1965-
_eautor
_4aut.
_911382
245 1 3 _aLa sabiduria es eterna :
_bbiografías y frases celebres de todos los tiempos /
_cElvis D. Cartagena
264 1 _aSanto Domingo :
_bEditor no identificado,
_c199?.
300 _a82 páginas :
_bilustraciones ;
_c21 cm.
336 _atexto
_btxt
_2rdacontent
337 _asin mediación
_bn
_2rdamedia
338 _avolumen
_bnc
_2rdacarrier
500 _aIncluye datos biográficos del autor en la página 80
504 _aBibliografía : página 82
590 _aInventariado, 2025/BT
910 _aBtavárez
942 _2ddc
_cLBS1
999 _c59088
_d59088